Faith and freedom : (Record no. 5592)
[ view plain ]
| 000 -LEADER | |
|---|---|
| fixed length control field | 01614cam a2200301 a 4500 |
| 001 - CONTROL NUMBER | |
| control field | 31289550 |
| 003 - CONTROL NUMBER IDENTIFIER | |
| control field | OCoLC |
| 005 - DATE AND TIME OF LATEST TRANSACTION | |
| control field | 20190108101700.0 |
| 008 - FIXED-LENGTH DATA ELEMENTS--GENERAL INFORMATION | |
| fixed length control field | 940923s1995 ilu b 001 0 eng |
| 010 ## - LIBRARY OF CONGRESS CONTROL NUMBER | |
| LC control number | 94037644 |
| 020 ## - INTERNATIONAL STANDARD BOOK NUMBER | |
| International Standard Book Number | 0891078355 |
| 020 ## - INTERNATIONAL STANDARD BOOK NUMBER | |
| International Standard Book Number | 9780891078357 |
| 035 ## - SYSTEM CONTROL NUMBER | |
| System control number | (OCoLC)31289550 |
| 040 ## - CATALOGING SOURCE | |
| Original cataloging agency | DLC |
| Transcribing agency | DLC |
| Modifying agency | UCX |
| -- | BAKER |
| -- | BTCTA |
| -- | BSC |
| 043 ## - GEOGRAPHIC AREA CODE | |
| Geographic area code | n-us--- |
| 082 ## - DEWEY DECIMAL CLASSIFICATION NUMBER | |
| Classification number | 342.73 |
| Item number | S798F |
| 092 ## - LOCALLY ASSIGNED DEWEY CALL NUMBER (OCLC) | |
| Classification number | 342.730852 |
| Item number | S798f, 1995 |
| 100 1# - MAIN ENTRY--PERSONAL NAME | |
| Personal name | Staver, Mathew D., |
| Dates associated with a name | 1956- |
| 245 10 - TITLE STATEMENT | |
| Title | Faith and freedom : |
| Remainder of title | a complete handbook for defending your religious rights / |
| Statement of responsibility, etc. | Mathew D. Staver. |
| 260 ## - PUBLICATION, DISTRIBUTION, ETC. | |
| Place of publication, distribution, etc. | Wheaton, Ill. : |
| Name of publisher, distributor, etc. | Crossway Books, |
| Date of publication, distribution, etc. | c1995. |
| 300 ## - PHYSICAL DESCRIPTION | |
| Extent | xv, 240 p. ; |
| Dimensions | 21 cm. |
| 504 ## - BIBLIOGRAPHY, ETC. NOTE | |
| Bibliography, etc. note | Includes bibliographical references and index. |
| 505 00 - FORMATTED CONTENTS NOTE | |
| Title | Religion : an endangered species -- |
| -- | General constitutional principles -- |
| -- | Students' rights on public school campuses -- |
| -- | Graduation prayers in public schools -- |
| -- | Students' rights in research, experimental programs, and testing -- |
| -- | Teachers' rights on public school campuses -- |
| -- | Religious symbols on public property -- |
| -- | Use of public facilities -- |
| -- | Prayers at public assemblies -- |
| -- | The right to picket and demonstrate -- |
| -- | Door-to-door witnessing -- |
| -- | The right to display religious signs -- |
| -- | Religious discrimination in employment -- |
| -- | Free exercise rights -- |
| -- | Political activity of nonprofit organizations -- |
| -- | Religion and the future of America. |
| 650 #0 - SUBJECT ADDED ENTRY--TOPICAL TERM | |
| Topical term or geographic name entry element | Church and state |
| Geographic subdivision | United States. |
| 650 #0 - SUBJECT ADDED ENTRY--TOPICAL TERM | |
| Topical term or geographic name entry element | Freedom of religion |
| Geographic subdivision | United States. |
| 650 #0 - SUBJECT ADDED ENTRY--TOPICAL TERM | |
| Topical term or geographic name entry element | Religion in the public schools |
| General subdivision | Law and legislation |
| Geographic subdivision | United States. |
| 942 ## - ADDED ENTRY ELEMENTS (KOHA) | |
| Source of classification or shelving scheme | Dewey Decimal Classification |
| Koha item type | Books |
| Withdrawn status | Lost status | Source of classification or shelving scheme | Damaged status | Not for loan | Collection code | Home library | Current library | Shelving location | Date acquired | Cost, normal purchase price | Total Checkouts | Full call number | Barcode | Date last seen | Price effective from | Koha item type |
|---|---|---|---|---|---|---|---|---|---|---|---|---|---|---|---|---|
| Dewey Decimal Classification | Non-fiction | Harvest Mission College | Harvest Mission College | General Stacks | 08.01.2019 | 350.00 | 342.73 S798F | 006399 | 08.01.2019 | 08.01.2019 | Books |
